000 00959nam a2200205Ia 4500
999 _c37420
_d37420
001 3379
003 GE_BSU
005 20190606191927.0
008 181216s1964||||ge |||||||||||||| ||geo||
040 _cGE_BSU
041 _ageo
080 _a621.01(075.8) ო–73
100 _aოსიპოვა,ა.
_92218
245 _aსაკურსო გეგმარება მექანიზმებისა და მანქანების თეორიაში /
_cა. ოსიპოვა ; რედ : ც. ანდღულაძე.
264 _aთბილისი :
_bცოდნა,
_c1964.
300 _a201 გვ.:
_bილ.
_c26 სმ.
_eცხრ.
653 _aსაკურსო გეგმარება მექანიზმებისა და მანქანების თეორიაში
700 _aანდღულაძე, ა
_eრედაქტორი
_92256
942 _cBK
_2udc